| 000 | 00357nam a22001457a 4500 | ||
|---|---|---|---|
| 003 | SGT | ||
| 020 | _a978-81-312-3436-5 | ||
| 082 |
_a610.7 _bP15P |
||
| 100 | _aPOTTER, PATRICIA A. | ||
| 245 | _aPOTTER & PERRY'S FUNDAMENTALS OF NURSING | ||
| 250 | _aSOUTH ASIAN EDITION | ||
| 260 |
_aDELHI _bELSEVIER PUB. _c2015 |
||
| 300 | _a1337 | ||
| 942 |
_2ddc _cBK _073 |
||
| 999 |
_c8172 _d8172 |
||